Statistics for Game of thrones trivia quiz to end all quizzes

Click here to take the quiz!

General Stats

  • This quiz has been taken 167 times
  • The average score is 6 of 10

Answer Stats

Answer% Correct
What is the name of JohnSnow's Direwolf?Ghost
98%
Whose head was crushed like an egg by the Mountains giant hands?Oberyn Martell
91%
Which houses motto is "Fire and Blood"?Targaryen
82%
What is Pycelle's official title in the Red Keep?Grand Maester
76%
How is Ser Davos colloquially known as?The Onion Knight
69%
Who was used as target practice at a randy Joffreys boudoir?Ros
66%
Who masterminded the plot to kill King Joffrey?Littlefinger
49%
Who was burned alive on Drogos funeral pyre?Mirri Maz Duur
25%
Which popular fantasy character has been played by two different actresses on Game Of Thrones?Sarah Connor
7%
Which indie band made an appearance at the Purple wedding?Sigur Ros
7%

Score Distribution

Percentile by Number Answered

Percent of People with Each Score

Your Score History

You have not taken this quiz